| 000 | 00877nam a2200277 a 4500 | ||
|---|---|---|---|
| 005 | 20191224041558.0 | ||
| 008 | 140226b1979 ck ||||| |||| 00| 0 spa d | ||
| 040 |
_aCO-BoIAVH _cCO-BoIAVH |
||
| 041 | _aspa | ||
| 044 | _ack | ||
| 090 |
_aLB _b01289 |
||
| 100 | 1 |
_aBasurco A., Fernando _911675 |
|
| 245 |
_aProyecto investigaciones y desarrollo industrial forestal INDERENA-PNUD-FAO _binforme de avance |
||
| 260 |
_aBogotá _bINDERENA-PNUD-FAO-CONIF _c1979 |
||
| 300 | _a150 paginas | ||
| 650 | 1 | 4 |
_aInvestigación científica _973006 |
| 650 | 1 | 4 |
_aRecursos forestales _973007 |
| 650 | 1 | 4 |
_aAprovechamiento forestal _973008 |
| 650 | 1 | 4 |
_aBosques _973009 |
| 650 | 1 | 4 |
_aUso del suelo _93216 |
| 650 | 1 | 4 |
_aFinanciación de la investigación _97955 |
| 662 | _aColombia | ||
| 700 |
_aNeyra R., Marino G. _911678 |
||
| 700 |
_aYoria Rubio, Jorge _911679 |
||
| 942 |
_cINFORME _2z |
||
| 999 |
_c1297 _d1297 |
||